Social inclusion and education in India: Scheduled tribes denotified tribes and nomadic tribes (Record no. 1225570)

MARC details
000 -LEADER
fixed length control field 00716nam a2200217Ia 4500
005 - DATE AND TIME OF LATEST TRANSACTION
control field 20241129104348.0
008 - FIXED-LENGTH DATA ELEMENTS--GENERAL INFORMATION
fixed length control field 241129s9999||||xx |||||||||||||| ||und||
020 ## - INTERNATIONAL STANDARD BOOK NUMBER
International Standard Book Number 9780367749477
037 ## - SOURCE OF ACQUISITION
Stock number Textual
040 ## - CATALOGING SOURCE
Original cataloging agency RTL
Language of cataloging eng
Transcribing agency RTL
041 ## - LANGUAGE CODE
Language code of text/sound track or separate title eng
Source of code eng
084 ## - COLON CLASSIFICATION NUMBER
Classification number Y592.2(T) R0
Assigning agency RTL
100 ## - MAIN ENTRY--PERSONAL NAME
Personal name Shah Ghanshyam; Bara Joseph
9 (RLIN) 726022
245 #0 - TITLE STATEMENT
Title Social inclusion and education in India: Scheduled tribes denotified tribes and nomadic tribes
Statement of responsibility, etc. Shah Ghanshyam; Bara Joseph
260 ## - PUBLICATION, DISTRIBUTION, ETC.
Place of publication, distribution, etc. London
Name of publisher, distributor, etc. Routledge
Date of publication, distribution, etc. 2020
300 ## - PHYSICAL DESCRIPTION
Extent xviii,202p.
365 ## - TRADE PRICE
Price type code INR
Price amount 995
650 ## - SUBJECT ADDED ENTRY--TOPICAL TERM
Topical term or geographic name entry element Education and Social Inclusion Challenges
9 (RLIN) 726023
942 ## - ADDED ENTRY ELEMENTS (KOHA)
Koha item type Textbook
Classification part Y592.2(T) R0
Holdings
Withdrawn status Lost status Damaged status Not for loan Home library Current library Date acquired Source of acquisition Cost, normal purchase price Inventory number Total Checkouts Full call number Barcode Date last seen Price effective from Koha item type
        Ratan Tata Library Ratan Tata Library 2024-11-29 Shivam Book Service 995.00 237 & 23/2/23   Y592.2(T) R0 RT1585035 2024-11-29 2024-11-29 Textbook
Copyright @ Delhi University Library System